Proto-States Quiz - Statistics

General Stats
  • This quiz has been taken 9 times
  • The average score is 17 of 77
Answer Stats
Country Proto-State % Correct
Spain Catalonia
75%
Denmark Greenland
75%
Myanmar Wa
75%
Spain Euskadi/ Basque
63%
Belgium Flanders
63%
Belgium Wallonia
63%
Portugal Azores
50%
Russia Chechnya
50%
Russia Dagestan
50%
United Kingdom Falkland Islands
50%
United States Guam
50%
United Kingdom Isle of Man
50%
Russia Karelia
50%
Canada Quebec
50%
Papua New Guinea Bougainville
38%
Spain Canary Islands
38%
Netherlands Curacao
38%
Denmark Faroe Islands
38%
United Kingdom Guernsey
38%
Norway Svalbard
38%
Tanzania Zanzibar
38%
Finland Aland
25%
Russia Bashkortostan
25%
Russia Buryatia
25%
New Zealand Cook Islands
25%
France Corsica
25%
Spain Galicia
25%
Russia Kalmykia
25%
Russia Komi
25%
Portugal Madeira
25%
France New Caledonia
25%
Canada Nunavut
25%
Somalia Puntland
25%
Russia Tatarstan
25%
Russia Adygea
13%
Ghana Ashanti
13%
United Kingdom British Virgin Islands
13%
United Kingdom Cayman Islands
13%
Myanmar Chin
13%
Australia Christmas Island
13%
Russia Chuvashia
13%
Chile Easter Island
13%
Russia Ingushetia
13%
Russia Ingushetia
13%
Myanmar Kachin
13%
Myanmar Kayin
13%
Russia Mari El
13%
Myanmar Mon
13%
United Kingdom Montserrat
13%
United States Northern Mariana Islands
13%
Russia North Ossetia-Alania
13%
United States Puerto Rica
13%
United Kingdom Saint Helena
13%
Russia Sakha
13%
Myanmar Shan
13%
Netherlands Sint Maarten
13%
Italy South Tyrol
13%
Russia Tuva
13%
Russia Udmurtia
13%
Russia Altai
0%
Pakistan Azad Kashmir
0%
France French Polynesia
0%
United States Indian Reservation
0%
Brazil Indigenous Territory
0%
Iraq Iraqi Kurdistan
0%
Russia Jewish Autonomous Oblast
0%
Somalia Jubaland
0%
Russia Kabardino-Balkaria
0%
Russia Karachay-Cherkessia
0%
Myanmar Kayah
0%
Russia Khakassia
0%
France Marquess Islands
0%
Russia Mordovia
0%
Bangladesh Noakhali
0%
Solomon Islands Temotu
0%
United Kingdom Turks and Caicos
0%
United States United States Virgin Islands
0%
No matching quizzes found
Score Distribution
Percent of People with Each Score
Percentile by Number Answered
Your Score History
You have not taken this quiz